00747nam a22002297a 450000500170000001000130001702000110003003500130004103700160005404000120007008200130008210000250009524500530012026000370017327000470021030000200025765000220027765000250029994200220032499900190034695201520036520170124110031.0 aB-126868 c600.00 aB-126868 bCen Lib/Ret aDPLbEN a510bKAP aKapoor, S. K.921691 aGlimpses of vedic mathematics /cby S. K. Kapoor aNew DelhibArya Book Depotc2003 bNew Delhia30, Naiwala, Karol Baghe110005 a568p.c21cm(Hb) aMathematics98937 aVedic science921692 2ddccENh510mKAP c127842d127842 00104070aLbLd2015-06-30eCen Lib/Retg600.00l0o510 KAPpB-126868r2015-06-30 00:00:00t1v600.00w2015-06-30yENzLegal Case (Register 2019)